• 首页
  • 本馆介绍
  • 公告通知
  • 最新文献
  • 馆藏检索
  • 电子资源
  • 读者导购
  • 参考咨询
  • 我的图书馆
  • 登录
  • 详细信息显示
  • 放入我的书架
  • 预约/预借图书
  • 作者相关作品
  • 分类相关作品
  • 丛书相关作品
  • 出版社相关作品

书目信息

  • 表格格式
  • 工作单格式
  • 卡片格式
题名:
清华学子数理化高考笔记
    
 
作者: 李玮琳 , 刘若晴 编著
分册: 理  
出版信息: 长春   吉林教育出版社  2019
页数: 98页
开本: 26cm
丛书名:
单 册:
中图分类: G634.73
科图分类:
主题词: 理科(教育)--课程--高中--升学参考资料
电子资源:
ISBN: 978-7-5553-6961-5
000 00961nam0 2200241 45
001 012001004921
005 20121205161510.0
010    @a978-7-5553-6961-5@dCNY46.00
100    @a20190321d2019 em y0chiy0110 ea
101 0  @achi
102    @aCN@b220000
105    @ay z 000yy
106    @ar
200 1  @a清华学子数理化高考笔记@Aqing hua xue zi shu li hua gao kao bi ji@h理@f李玮琳,刘若晴编著@FLi Wei Lin, Liu Ruo Qing Bian Zhu@PLWLLRQBZ
210    @a长春@c吉林教育出版社@d2019
215    @a98页@d26cm
330    @a本书为清华学子的高考数理化笔记手稿,书中囊括了高中数理化各科的知识点,记录和整理了很多值得参考的学习路径、重点、难点和心得。该书内容上系统完整、细致入微、逻辑严密。适用于正在备考的高三学子,是学生学习的好帮手。
606 0  @a理科(教育)@x课程@x高中@x升学参考资料
690    @aG634.73@v5
701  0 @a李玮琳@Ali wei lin@4编著
701  0 @a刘若晴@Aliu ruo qing@4编著
801    @b江苏凤凰@c20191020
905    @b1224305-8@dG634.73@e1683@f4
    
    清华学子数理化高考笔记.理/李玮琳,刘若晴编著.-长春:吉林教育出版社,2019
    98页;26cm
    
    
    ISBN 978-7-5553-6961-5:CNY46.00
    本书为清华学子的高考数理化笔记手稿,书中囊括了高中数理化各科的知识点,记录和整理了很多值得参考的学习路径、重点、难点和心得。该书内容上系统完整、细致入微、逻辑严密。适用于正在备考的高三学子,是学生学习的好帮手。
●
相关链接 在E读中查询图书 在五车中查询图书 在当当中查询图书 在豆瓣中查询图书


正题名:清华学子数理化高考笔记     索取号:G634.73/1683         预约/预借

序号 登录号 条形码 馆藏地/架位号 状态 备注
1 1224305   212243053   第一样本阅览室/ [索取号:G634.73/1683] 在馆    
2 1224306   212243062   教育系资料室/ [索取号:G634.73/1683] 在馆    
3 1224307   212243071   教育系资料室/ [索取号:G634.73/1683] 在馆    
4 1224308   212243080   第四借阅区/ [索取号:G634.73/1683] 在馆    
唐山师范学院图书馆 欢迎您!
大连网信软件有限公司© 版权所有